Bán hàng bằng trái tim : 10 nguyên tắc vằng mọi người bán hàng đều cần biết

Cuốn sách cùng với 10 nguyên tắc chung mà tác giả sẽ chia sẻ với các bạn là một phần hướng dẫn rõ ràng để có thể bán được nhiều hàng hơn và sống vui vẻ, sống có mục đích hơn.

Salvato in:
Dettagli Bibliografici
Autore principale: Leviti, Shari
Altri autori: Bùi Thị Mến (Dịch)
Natura: Libro
Lingua:Vietnamese
Pubblicazione: H. Hồng Đức 2019
Soggetti:
Tags: Aggiungi Tag
Nessun Tag, puoi essere il primo ad aggiungerne! !
Thư viện lưu trữ: Thư viện Trường Đại học Nam Cần Thơ
LEADER 01130nam a22002057a 4500
001 NCT_81567
008 200612b xxu||||| |||| 00| 0 vie d
999 |c 4006  |d 4006 
020 |a 9786048966676  |c 154000 
082 0 4 |2 23rd ed.  |a 658.85  |b L664 
100 1 |a Leviti, Shari 
245 1 0 |a Bán hàng bằng trái tim :  |b 10 nguyên tắc vằng mọi người bán hàng đều cần biết  |c Shari Leviti ; Bùi Thị Mến (dịch) 
260 |a H.  |b Hồng Đức  |c 2019 
300 |a 402 tr.  |c 21cm 
520 3 |a Cuốn sách cùng với 10 nguyên tắc chung mà tác giả sẽ chia sẻ với các bạn là một phần hướng dẫn rõ ràng để có thể bán được nhiều hàng hơn và sống vui vẻ, sống có mục đích hơn. 
653 |a Quản trị kinh doanh 
700 1 |a Bùi Thị Mến  |e Dịch 
942 |2 ddc  |c BK 
952 |0 0  |1 0  |2 ddc  |4 0  |6 658_850000000000000_L664  |7 0  |9 19816  |a 000001  |b 000001  |d 2020-06-12  |o 658.85 L664  |p MD.17198  |r 2020-06-12  |v 154000.00  |w 2020-06-12  |y BK 
980 |a Thư viện Trường Đại học Nam Cần Thơ